000 00462nam a2200169Ia 4500
008 180921t2018 xxu||||| |||| 00| 1 sin d
041 _asin
080 _aX8C31
_bKAR
100 _aKarunarathna, Lalith
245 _aයුද භටයෙකුගේ කතාවක්
246 _aYuda Bhatayekuge Kathavak
260 _bFast Publishing
_aColombo
_c2018
300 _a260p., 21cm
942 _cBK
999 _c8938
_d8938
003 LK-CoDNM
040 _aLK-CoDNM
_dLK-CoDNM
_eLK-CoDNM